000 00451nam a22001697a 4500
005 20250418153100.0
008 250418b |||||||| |||| 00| 0 eng d
041 _amar
082 _a891.46
_bKUL B22558
100 _aKulkarni-Bhusari R
_9211631
245 _aSwatantryaladha ani Samyavad
260 _aPune
_bBharatiya Vichar Sadhana Prakashan
_c2022
300 _a56p
500 _aMarathi Literature
500 _aLiterature
942 _cBK
999 _c365931
_d365931